{"text_format":"1","workbook":"xlsx","n_sheets":2,"sheets":["Данные","Лист1"],"not_rendered":{"charts":0,"images":0,"macros":1,"external_links":0,"defined_names":4,"comments":0,"pivot_tables":0},"unopened":[],"bounds":{"document_bytes":16777216,"sheet_cells":100000,"rows_first":2000,"rows_last":500,"rows_between":2000,"halvings":0,"cell_chars":16384,"cell_head_chars":4096},"cells_cut":0,"cells_raw":0,"read":"whole","date_system":"1900"}

{"sheet":"Данные","index":0,"n_rows":338,"n_cols":10,"rows_kept":338,"cut":false,"hidden":false,"merged":[[1,0,1,9]]}
[null,null,null,null,null,null,null,null,"Приложение №1"]
["Перечень актуальных и готовых к реализации невостребованных МТР"]
[]
["Наименование лота","Наименование ОГ","№ лота","№ позиции","Наименование неликвидных (НЛ) и невостребованных ликвидных (НВЛ) материалов","Ед. изм","Количество","Мин. цена реализации за ед., руб., без НДС ","Сумма, руб. без НДС","Место нахождения"]
["Бумага","ПАО АНК \"Башнефть\" \"Башнефть-Новойл\"",1,1,"Бумага MEGA Enginer А0 рулон P/n 87404","ШТ",7,888.72,{"$f":"G5*H5","v":6221.04},"450045, г. Уфа, ПАО АНК \"Башнефть\" \"Башнефть-Новойл\""]
["Бумага","ПАО АНК \"Башнефть\" \"Башнефть-Новойл\"",1,2,"Бумага Nopa Coat Gloss 62х94 100 250г/м2","ШТ",59,1008,59472,"450045, г. Уфа, ПАО АНК \"Башнефть\" \"Башнефть-Новойл\""]
["Бумага","ПАО АНК \"Башнефть\" \"Башнефть-Новойл\"",1,3,"Бумага Xerox A0+ 914ммх50м рул 450L90503","ШТ",7,231.37,1619.5900000000001,"450045, г. Уфа, ПАО АНК \"Башнефть\" \"Башнефть-Новойл\""]
["Бумага","ПАО АНК \"Башнефть\" \"Башнефть-Новойл\"",1,4,"Бумага д/плоттера MEGA Engineer 132533","ШТ",18,665.95,11987.1,"450045, г. Уфа, ПАО АНК \"Башнефть\" \"Башнефть-Новойл\""]
["Бумага","ПАО АНК \"Башнефть\" \"Башнефть-Новойл\"",1,5,"Бумага д/плоттера MEGA Engineer 132533","ШТ",2,665.95,1331.9,"450045, г. Уфа, ПАО АНК \"Башнефть\" \"Башнефть-Новойл\""]
["Бумага","ПАО АНК \"Башнефть\" \"Башнефть-Новойл\"",1,6,"Бумага д/плоттера MEGA Engineer 132533","ШТ",2,221.57,443.14,"450045, г. Уфа, ПАО АНК \"Башнефть\" \"Башнефть-Новойл\""]
["Бумага","ПАО АНК \"Башнефть\" \"Башнефть-Новойл\"",1,7,"Бумага д/плоттера MEGA Engineer 654100","ШТ",7,184.8,1293.6000000000001,"450045, г. Уфа, ПАО АНК \"Башнефть\" \"Башнефть-Новойл\""]
["Бумага","ПАО АНК \"Башнефть\" \"Башнефть-Новойл\"",1,8,"Бумага для плоттера HP p/n Q8751A","ШТ",20,1428,28560,"450045, г. Уфа, ПАО АНК \"Башнефть\" \"Башнефть-Новойл\""]
["Бумага","ПАО АНК \"Башнефть\" \"Башнефть-Новойл\"",1,9,"Бумага для факса 210х15х12 рулон","ШТ",5,40.42,202.10000000000002,"450045, г. Уфа, ПАО АНК \"Башнефть\" \"Башнефть-Новойл\""]
["Бумага","ПАО АНК \"Башнефть\" \"Башнефть-Новойл\"",1,10,"Бумага для факса 210х15х12 рулон","ШТ",2,40.42,80.84,"450045, г. Уфа, ПАО АНК \"Башнефть\" \"Башнефть-Новойл\""]
["Бумага","ПАО АНК \"Башнефть\" \"Башнефть-Новойл\"",1,11,"Бумага для факса 210х15х12 рулон","ШТ",2,40.42,80.84,"450045, г. Уфа, ПАО АНК \"Башнефть\" \"Башнефть-Новойл\""]
["Бумага","ПАО АНК \"Башнефть\" \"Башнефть-Новойл\"",1,12,"Бумага рулонная 210ммх30м","ШТ",30,48.9,1467,"450045, г. Уфа, ПАО АНК \"Башнефть\" \"Башнефть-Новойл\""]
["Бумага","ПАО АНК \"Башнефть\" \"Башнефть-Новойл\"",1,13,"Бумага MEGA Enginer А0 рулон P/n 87404","ШТ",7,888.72,6221.04,"450045, г. Уфа, ПАО АНК \"Башнефть\" \"Башнефть-Новойл\""]
["Бумага","ПАО АНК \"Башнефть\" \"Башнефть-Новойл\"",1,14,"Бумага Xerox A0+ 914ммх50м рул 450L90503","ШТ",7,231.37,1619.5900000000001,"450045, г. Уфа, ПАО АНК \"Башнефть\" \"Башнефть-Новойл\""]
["Бумага","ПАО АНК \"Башнефть\" \"Башнефть-Новойл\"",1,15,"Бумага Xerox A0+ 914ммх50м рул 450L90503","ШТ",7,231.37,1619.5900000000001,"450045, г. Уфа, ПАО АНК \"Башнефть\" \"Башнефть-Новойл\""]
["Бумага","ПАО АНК \"Башнефть\" \"Башнефть-Новойл\"",1,16,"Бумага Xerox A0+ 914ммх50м рул 450L90503","ШТ",4,231.37,925.48,"450045, г. Уфа, ПАО АНК \"Башнефть\" \"Башнефть-Новойл\""]
["Бумага","ПАО АНК \"Башнефть\" \"Башнефть-Новойл\"",1,17,"Бумага д/плоттера BRAUBERG A1 рул 110455","ШТ",7,162.55000000000001,1137.8500000000001,"450045, г. Уфа, ПАО АНК \"Башнефть\" \"Башнефть-Новойл\""]
["Бумага","ПАО АНК \"Башнефть\" \"Башнефть-Новойл\"",1,18,"Бумага д/плоттера BRAUBERG A1 рул 110455","ШТ",7,162.55000000000001,1137.8500000000001,"450045, г. Уфа, ПАО АНК \"Башнефть\" \"Башнефть-Новойл\""]
["Бумага","ПАО АНК \"Башнефть\" \"Башнефть-Новойл\"",1,19,"Бумага д/плоттера BRAUBERG A1 рул 110455","ШТ",7,162.55000000000001,1137.8500000000001,"450045, г. Уфа, ПАО АНК \"Башнефть\" \"Башнефть-Новойл\""]
["Бумага","ПАО АНК \"Башнефть\" \"Башнефть-Новойл\"",1,20,"Бумага д/плоттера MEGA Engineer 654100","ШТ",7,184.8,1293.6000000000001,"450045, г. Уфа, ПАО АНК \"Башнефть\" \"Башнефть-Новойл\""]
["Бумага","ПАО АНК \"Башнефть\" \"Башнефть-Новойл\"",1,21,"Бумага д/плоттера MEGA Engineer 654100","ШТ",7,184.8,1293.6000000000001,"450045, г. Уфа, ПАО АНК \"Башнефть\" \"Башнефть-Новойл\""]
["Бумага","ПАО АНК \"Башнефть\" \"Башнефть-Новойл\"",1,22,"Бумага д/плоттера MEGA Engineer 654100","ШТ",7,184.8,1293.6000000000001,"450045, г. Уфа, ПАО АНК \"Башнефть\" \"Башнефть-Новойл\""]
["Бумага","ПАО АНК \"Башнефть\" \"Башнефть-Новойл\"",1,23,"Бумага для плоттера HP p/n Q8751A","ШТ",7,1428,9996,"450045, г. Уфа, ПАО АНК \"Башнефть\" \"Башнефть-Новойл\""]
["Бумага","ПАО АНК \"Башнефть\" \"Башнефть-Новойл\"",1,24,"Бумага для плоттера HP p/n Q8751A","ШТ",2,1428,2856,"450045, г. Уфа, ПАО АНК \"Башнефть\" \"Башнефть-Новойл\""]
["Бумажная продукция","ПАО АНК \"Башнефть\" \"Башнефть-Новойл\"",2,25,"Бланк Личная карточка выдачи ср.инд.защ","ШТ",2000,1.33,2660,"450045, г. Уфа, ПАО АНК \"Башнефть\" \"Башнефть-Новойл\""]
["Бумажная продукция","ПАО АНК \"Башнефть\" \"Башнефть-Новойл\"",2,26,"Бланк Личная карточка выдачи ср.инд.защ","ШТ",2000,1.33,2660,"450045, г. Уфа, ПАО АНК \"Башнефть\" \"Башнефть-Новойл\""]
["Бумажная продукция","ПАО АНК \"Башнефть\" \"Башнефть-Новойл\"",2,27,"Бланк Личная карточка выдачи ср.инд.защ","ШТ",2000,1.33,2660,"450045, г. Уфа, ПАО АНК \"Башнефть\" \"Башнефть-Новойл\""]
["Бумажная продукция","ПАО АНК \"Башнефть\" \"Башнефть-Новойл\"",2,28,"Бланк Режимный лист","ШТ",1500,2.31,3465,"450045, г. Уфа, ПАО АНК \"Башнефть\" \"Башнефть-Новойл\""]
["Бумажная продукция","ПАО АНК \"Башнефть\" \"Башнефть-Новойл\"",2,29,"Бланк Режимный лист","ШТ",200,2.31,462,"450045, г. Уфа, ПАО АНК \"Башнефть\" \"Башнефть-Новойл\""]
["Бумажная продукция","ПАО АНК \"Башнефть\" \"Башнефть-Новойл\"",2,30,"Журнал Безопасность труда в промышлен","ШТ",15,81.06,1215.9000000000001,"450045, г. Уфа, ПАО АНК \"Башнефть\" \"Башнефть-Новойл\""]
["Бумажная продукция","ПАО АНК \"Башнефть\" \"Башнефть-Новойл\"",2,31,"Журнал Безопасность труда в промышлен","ШТ",17,81.06,1378.02,"450045, г. Уфа, ПАО АНК \"Башнефть\" \"Башнефть-Новойл\""]
["Бумажная продукция","ПАО АНК \"Башнефть\" \"Башнефть-Новойл\"",2,32,"Журнал Безопасность труда в промышлен","ШТ",38,81.06,3080.28,"450045, г. Уфа, ПАО АНК \"Башнефть\" \"Башнефть-Новойл\""]
["Бумажная продукция","ПАО АНК \"Башнефть\" \"Башнефть-Новойл\"",2,33,"Журнал Безопасность труда в промышлен","ШТ",40,81.06,3242.4,"450045, г. Уфа, ПАО АНК \"Башнефть\" \"Башнефть-Новойл\""]
["Бумажная продукция","ПАО АНК \"Башнефть\" \"Башнефть-Новойл\"",2,34,"Журнал выдачи сертификатов","ШТ",10,202.61,2026.1000000000001,"450045, г. Уфа, ПАО АНК \"Башнефть\" \"Башнефть-Новойл\""]
["Бумажная продукция","ПАО АНК \"Башнефть\" \"Башнефть-Новойл\"",2,35,"Журнал регистрации вводного инструктажа","ШТ",124,48.05,5958.2,"450045, г. Уфа, ПАО АНК \"Башнефть\" \"Башнефть-Новойл\""]
["Бумажная продукция","ПАО АНК \"Башнефть\" \"Башнефть-Новойл\"",2,36,"Журнал регистрации вводного инструктажа","ШТ",19,48.05,912.94999999999993,"450045, г. Уфа, ПАО АНК \"Башнефть\" \"Башнефть-Новойл\""]
["Бумажная продукция","ПАО АНК \"Башнефть\" \"Башнефть-Новойл\"",2,37,"Журнал регистрации документов","ШТ",5,42.65,213.25,"450045, г. Уфа, ПАО АНК \"Башнефть\" \"Башнефть-Новойл\""]
["Бумажная продукция","ПАО АНК \"Башнефть\" \"Башнефть-Новойл\"",2,38,"Журнал СУ ОТ, ПБ и Э","ШТ",296,58.1,17197.600000000002,"450045, г. Уфа, ПАО АНК \"Башнефть\" \"Башнефть-Новойл\""]
["Бумажная продукция","ПАО АНК \"Башнефть\" \"Башнефть-Новойл\"",2,39,"Журнал трехступ контроля условий труда","ШТ",48,36.270000000000003,1740.96,"450045, г. Уфа, ПАО АНК \"Башнефть\" \"Башнефть-Новойл\""]
["Бумажная продукция","ПАО АНК \"Башнефть\" \"Башнефть-Новойл\"",2,40,"Картон переплетный А4","КГ",825,96.68,79761,"450045, г. Уфа, ПАО АНК \"Башнефть\" \"Башнефть-Новойл\""]
["Бумажная продукция","ПАО АНК \"Башнефть\" \"Башнефть-Новойл\"",2,41,"Карточка учета выдачи смывающих средств","ШТ",90,1.22,109.8,"450045, г. Уфа, ПАО АНК \"Башнефть\" \"Башнефть-Новойл\""]
["Бумажная продукция","ПАО АНК \"Башнефть\" \"Башнефть-Новойл\"",2,42,"Карточка учета смывающих средств","ШТ",2000,1.21,2420,"450045, г. Уфа, ПАО АНК \"Башнефть\" \"Башнефть-Новойл\""]
["Бумажная продукция","ПАО АНК \"Башнефть\" \"Башнефть-Новойл\"",2,43,"Карточка учета спецодежды","ШТ",2000,2.14,4280,"450045, г. Уфа, ПАО АНК \"Башнефть\" \"Башнефть-Новойл\""]
["Бумажная продукция","ПАО АНК \"Башнефть\" \"Башнефть-Новойл\"",2,44,"Бланк Личная карточка выдачи ср.инд.защ","ШТ",2000,1.33,2660,"450045, г. Уфа, ПАО АНК \"Башнефть\" \"Башнефть-Новойл\""]
["Бумажная продукция","ПАО АНК \"Башнефть\" \"Башнефть-Новойл\"",2,45,"Книга учета А4 96л","ШТ",298,25.62,7634.76,"450045, г. Уфа, ПАО АНК \"Башнефть\" \"Башнефть-Новойл\""]
["Бумажная продукция","ПАО АНК \"Башнефть\" \"Башнефть-Новойл\"",2,46,"Бланк Личная карточка выдачи ср.инд.защ","ШТ",2000,1.33,2660,"450045, г. Уфа, ПАО АНК \"Башнефть\" \"Башнефть-Новойл\""]
["Бумажная продукция","ПАО АНК \"Башнефть\" \"Башнефть-Новойл\"",2,47,"Бланк Товаро-транспортная накладная 1Т","ШТ",24000,0.55000000000000004,13200.000000000002,"450045, г. Уфа, ПАО АНК \"Башнефть\" \"Башнефть-Новойл\""]
["Бумажная продукция","ПАО АНК \"Башнефть\" \"Башнефть-Новойл\"",2,48,"Конверт 162х229 (упк 50шт)","УПК",3998,1.18,4717.6399999999994,"450045, г. Уфа, ПАО АНК \"Башнефть\" \"Башнефть-Новойл\""]
["Бумажная продукция","ПАО АНК \"Башнефть\" \"Башнефть-Новойл\"",2,49,"Конверт DL","ШТ",2000,0.64,1280,"450045, г. Уфа, ПАО АНК \"Башнефть\" \"Башнефть-Новойл\""]
["Бумажная продукция","ПАО АНК \"Башнефть\" \"Башнефть-Новойл\"",2,50,"Конверт DL","ШТ",150,0.64,96,"450045, г. Уфа, ПАО АНК \"Башнефть\" \"Башнефть-Новойл\""]
["Бумажная продукция","ПАО АНК \"Башнефть\" \"Башнефть-Новойл\"",2,51,"Конверт DL","ШТ",50,0.64,32,"450045, г. Уфа, ПАО АНК \"Башнефть\" \"Башнефть-Новойл\""]
["Бумажная продукция","ПАО АНК \"Башнефть\" \"Башнефть-Новойл\"",2,52,"Конверт DL","ШТ",2000,0.64,1280,"450045, г. Уфа, ПАО АНК \"Башнефть\" \"Башнефть-Новойл\""]
["Бумажная продукция","ПАО АНК \"Башнефть\" \"Башнефть-Новойл\"",2,53,"Конверт DL","ШТ",160,0.64,102.4,"450045, г. Уфа, ПАО АНК \"Башнефть\" \"Башнефть-Новойл\""]
["Бумажная продукция","ПАО АНК \"Башнефть\" \"Башнефть-Новойл\"",2,54,"Конверт DL","ШТ",4000,0.64,2560,"450045, г. Уфа, ПАО АНК \"Башнефть\" \"Башнефть-Новойл\""]
["Бумажная продукция","ПАО АНК \"Башнефть\" \"Башнефть-Новойл\"",2,55,"Конверт DL","ШТ",4000,0.64,2560,"450045, г. Уфа, ПАО АНК \"Башнефть\" \"Башнефть-Новойл\""]
["Бумажная продукция","ПАО АНК \"Башнефть\" \"Башнефть-Новойл\"",2,56,"Конверт DL","ШТ",10711,0.64,6855.04,"450045, г. Уфа, ПАО АНК \"Башнефть\" \"Башнефть-Новойл\""]
["Бумажная продукция","ПАО АНК \"Башнефть\" \"Башнефть-Новойл\"",2,57,"Памятка об опасности сероводорода 10х15","ШТ",122,18.73,2285.06,"450045, г. Уфа, ПАО АНК \"Башнефть\" \"Башнефть-Новойл\""]
["Бумажная продукция","ПАО АНК \"Башнефть\" \"Башнефть-Новойл\"",2,58,"Папка-вкладыш Проспект-Хиллен А3","ШТ",4734,1.1299999999999999,5349.4199999999992,"450045, г. Уфа, ПАО АНК \"Башнефть\" \"Башнефть-Новойл\""]
["Бумажная продукция","ПАО АНК \"Башнефть\" \"Башнефть-Новойл\"",2,59,"Пружина д/переплета, 25 мм, упк 50 шт.","УПК",6,245.7,1474.1999999999998,"450045, г. Уфа, ПАО АНК \"Башнефть\" \"Башнефть-Новойл\""]
["Бумажная продукция","ПАО АНК \"Башнефть\" \"Башнефть-Новойл\"",2,60,"Пружина д/переплета, 25 мм, упк 50 шт.","УПК",4,245.7,982.8,"450045, г. Уфа, ПАО АНК \"Башнефть\" \"Башнефть-Новойл\""]
["Бумажная продукция","ПАО АНК \"Башнефть\" \"Башнефть-Новойл\"",2,61,"Пружина д/переплета, 28 мм, упк 50 шт.","УПК",1,247.25,247.25,"450045, г. Уфа, ПАО АНК \"Башнефть\" \"Башнефть-Новойл\""]
["Бумажная продукция","ПАО АНК \"Башнефть\" \"Башнефть-Новойл\"",2,62,"Пружина д/переплета, 28 мм, упк 50 шт.","УПК",7,157.41999999999999,1101.9399999999998,"450045, г. Уфа, ПАО АНК \"Башнефть\" \"Башнефть-Новойл\""]
["Бумажная продукция","ПАО АНК \"Башнефть\" \"Башнефть-Новойл\"",2,63,"Пружина д/переплета, 28 мм, упк 50 шт.","УПК",4,198.34,793.36,"450045, г. Уфа, ПАО АНК \"Башнефть\" \"Башнефть-Новойл\""]
["Бумажная продукция","ПАО АНК \"Башнефть\" \"Башнефть-Новойл\"",2,64,"Пружины для переплета пластик 45мм 50шт","УПК",10,200.7,2007,"450045, г. Уфа, ПАО АНК \"Башнефть\" \"Башнефть-Новойл\""]
["Бумажная продукция","ПАО АНК \"Башнефть\" \"Башнефть-Новойл\"",2,65,"Пружины для переплета пластик 45мм 50шт","УПК",2,150.63999999999999,{"$f":"G69*H69","v":301.27999999999997},"450045, г. Уфа, ПАО АНК \"Башнефть\" \"Башнефть-Новойл\""]
["Бумажная продукция","ПАО АНК \"Башнефть\" \"Башнефть-Новойл\"",2,66,"Файл (вставка в папку-скоросш) А3","ШТ",4037,0.99,3996.63,"450045, г. Уфа, ПАО АНК \"Башнефть\" \"Башнефть-Новойл\""]
["Бумажная продукция","ПАО АНК \"Башнефть\" \"Башнефть-Новойл\"",2,67,"Файл (вставка в папку-скоросш) А3","ШТ",1000,1,1000,"450045, г. Уфа, ПАО АНК \"Башнефть\" \"Башнефть-Новойл\""]
["Бумажная продукция","ПАО АНК \"Башнефть\" \"Башнефть-Новойл\"",2,68,"Картон переплетный А4","КГ",59.5,35.51,2112.8449999999998,"450045, г. Уфа, ПАО АНК \"Башнефть\" \"Башнефть-Новойл\""]
["Бумажная продукция","ПАО АНК \"Башнефть\" \"Башнефть-Новойл\"",2,69,"Картон переплетный А4","КГ",750,35.51,26632.5,"450045, г. Уфа, ПАО АНК \"Башнефть\" \"Башнефть-Новойл\""]
["Бумажная продукция","ПАО АНК \"Башнефть\" \"Башнефть-Новойл\"",2,70,"Карточка учета смывающих средств","ШТ",2000,1.21,2420,"450045, г. Уфа, ПАО АНК \"Башнефть\" \"Башнефть-Новойл\""]
["Бумажная продукция","ПАО АНК \"Башнефть\" \"Башнефть-Новойл\"",2,71,"Карточка учета спецодежды","ШТ",2000,2.14,4280,"450045, г. Уфа, ПАО АНК \"Башнефть\" \"Башнефть-Новойл\""]
["Бумажная продукция","ПАО АНК \"Башнефть\" \"Башнефть-Новойл\"",2,72,"Книга учета А4 96л","ШТ",30,25.62,768.6,"450045, г. Уфа, ПАО АНК \"Башнефть\" \"Башнефть-Новойл\""]
["Бумажная продукция","ПАО АНК \"Башнефть\" \"Башнефть-Новойл\"",2,73,"Книга учета А4 96л","ШТ",30,25.62,768.6,"450045, г. Уфа, ПАО АНК \"Башнефть\" \"Башнефть-Новойл\""]
["Бумажная продукция","ПАО АНК \"Башнефть\" \"Башнефть-Новойл\"",2,74,"Книга учета А4 96л","ШТ",30,25.62,768.6,"450045, г. Уфа, ПАО АНК \"Башнефть\" \"Башнефть-Новойл\""]
["Бумажная продукция","ПАО АНК \"Башнефть\" \"Башнефть-Новойл\"",2,75,"Конверт 162х229 (упк 50шт)","УПК",4000,1.18,4720,"450045, г. Уфа, ПАО АНК \"Башнефть\" \"Башнефть-Новойл\""]
["Бумажная продукция","ПАО АНК \"Башнефть\" \"Башнефть-Новойл\"",2,76,"Конверт 162х229 (упк 50шт)","УПК",100,1.18,118,"450045, г. Уфа, ПАО АНК \"Башнефть\" \"Башнефть-Новойл\""]
["Бумажная продукция","ПАО АНК \"Башнефть\" \"Башнефть-Новойл\"",2,77,"Конверт 162х229 (упк 50шт)","УПК",100,1.18,118,"450045, г. Уфа, ПАО АНК \"Башнефть\" \"Башнефть-Новойл\""]
["Бумажная продукция","ПАО АНК \"Башнефть\" \"Башнефть-Новойл\"",2,78,"Конверт 162х229 (упк 50шт)","УПК",4000,1.18,4720,"450045, г. Уфа, ПАО АНК \"Башнефть\" \"Башнефть-Новойл\""]
["Бумажная продукция","ПАО АНК \"Башнефть\" \"Башнефть-Новойл\"",2,79,"Конверт 162х229 (упк 50шт)","УПК",4000,1.18,4720,"450045, г. Уфа, ПАО АНК \"Башнефть\" \"Башнефть-Новойл\""]
["Бумажная продукция","ПАО АНК \"Башнефть\" \"Башнефть-Новойл\"",2,80,"Конверт 162х229 (упк 50шт)","УПК",4000,1.18,4720,"450045, г. Уфа, ПАО АНК \"Башнефть\" \"Башнефть-Новойл\""]
["Бумажная продукция","ПАО АНК \"Башнефть\" \"Башнефть-Новойл\"",2,81,"Конверт 162х229 (упк 50шт)","УПК",100,1.18,118,"450045, г. Уфа, ПАО АНК \"Башнефть\" \"Башнефть-Новойл\""]
["Бумажная продукция","ПАО АНК \"Башнефть\" \"Башнефть-Новойл\"",2,82,"Конверт 162х229 (упк 50шт)","УПК",4000,1.18,4720,"450045, г. Уфа, ПАО АНК \"Башнефть\" \"Башнефть-Новойл\""]
["Бумажная продукция","ПАО АНК \"Башнефть\" \"Башнефть-Новойл\"",2,83,"Конверт 162х229 (упк 50шт)","УПК",4000,1.18,4720,"450045, г. Уфа, ПАО АНК \"Башнефть\" \"Башнефть-Новойл\""]
["Бумажная продукция","ПАО АНК \"Башнефть\" \"Башнефть-Новойл\"",2,84,"Конверт 162х229 (упк 50шт)","УПК",100,1.18,118,"450045, г. Уфа, ПАО АНК \"Башнефть\" \"Башнефть-Новойл\""]
["Бумажная продукция","ПАО АНК \"Башнефть\" \"Башнефть-Новойл\"",2,85,"Конверт 162х229 (упк 50шт)","УПК",3900,1.18,4602,"450045, г. Уфа, ПАО АНК \"Башнефть\" \"Башнефть-Новойл\""]
["Бумажная продукция","ПАО АНК \"Башнефть\" \"Башнефть-Новойл\"",2,86,"Конверт 162х229 (упк 50шт)","УПК",2000,1.18,2360,"450045, г. Уфа, ПАО АНК \"Башнефть\" \"Башнефть-Новойл\""]
["Бумажная продукция","ПАО АНК \"Башнефть\" \"Башнефть-Новойл\"",2,87,"Конверт 162х229 (упк 50шт)","УПК",2000,1.18,2360,"450045, г. Уфа, ПАО АНК \"Башнефть\" \"Башнефть-Новойл\""]
["Бумажная продукция","ПАО АНК \"Башнефть\" \"Башнефть-Новойл\"",2,88,"Конверт 162х229 (упк 50шт)","УПК",2000,1.18,2360,"450045, г. Уфа, ПАО АНК \"Башнефть\" \"Башнефть-Новойл\""]
["Бумажная продукция","ПАО АНК \"Башнефть\" \"Башнефть-Новойл\"",2,89,"Конверт 162х229 (упк 50шт)","УПК",4000,1.18,4720,"450045, г. Уфа, ПАО АНК \"Башнефть\" \"Башнефть-Новойл\""]
["Бумажная продукция","ПАО АНК \"Башнефть\" \"Башнефть-Новойл\"",2,90,"Конверт 162х229 (упк 50шт)","УПК",4000,1.18,4720,"450045, г. Уфа, ПАО АНК \"Башнефть\" \"Башнефть-Новойл\""]
["Бумажная продукция","ПАО АНК \"Башнефть\" \"Башнефть-Новойл\"",2,91,"Конверт 162х229 (упк 50шт)","УПК",100,1.18,118,"450045, г. Уфа, ПАО АНК \"Башнефть\" \"Башнефть-Новойл\""]
["Бумажная продукция","ПАО АНК \"Башнефть\" \"Башнефть-Новойл\"",2,92,"Конверт 162х229 (упк 50шт)","УПК",600,1.18,708,"450045, г. Уфа, ПАО АНК \"Башнефть\" \"Башнефть-Новойл\""]
["Бумажная продукция","ПАО АНК \"Башнефть\" \"Башнефть-Новойл\"",2,93,"Конверт DL","ШТ",2000,0.64,1280,"450045, г. Уфа, ПАО АНК \"Башнефть\" \"Башнефть-Новойл\""]
["Бумажная продукция","ПАО АНК \"Башнефть\" \"Башнефть-Новойл\"",2,94,"Конверт DL","ШТ",150,0.64,96,"450045, г. Уфа, ПАО АНК \"Башнефть\" \"Башнефть-Новойл\""]
["Бумажная продукция","ПАО АНК \"Башнефть\" \"Башнефть-Новойл\"",2,95,"Конверт DL","ШТ",4500,0.64,2880,"450045, г. Уфа, ПАО АНК \"Башнефть\" \"Башнефть-Новойл\""]
["Бумажная продукция","ПАО АНК \"Башнефть\" \"Башнефть-Новойл\"",2,96,"Конверт DL","ШТ",2005,0.64,1283.2,"450045, г. Уфа, ПАО АНК \"Башнефть\" \"Башнефть-Новойл\""]
["Бумажная продукция","ПАО АНК \"Башнефть\" \"Башнефть-Новойл\"",2,97,"Конверт DL","ШТ",4000,0.64,2560,"450045, г. Уфа, ПАО АНК \"Башнефть\" \"Башнефть-Новойл\""]
["Бумажная продукция","ПАО АНК \"Башнефть\" \"Башнефть-Новойл\"",2,98,"Конверт DL","ШТ",4000,0.64,2560,"450045, г. Уфа, ПАО АНК \"Башнефть\" \"Башнефть-Новойл\""]
["Бумажная продукция","ПАО АНК \"Башнефть\" \"Башнефть-Новойл\"",2,99,"Конверт DL","ШТ",4000,0.64,2560,"450045, г. Уфа, ПАО АНК \"Башнефть\" \"Башнефть-Новойл\""]
["Бумажная продукция","ПАО АНК \"Башнефть\" \"Башнефть-Новойл\"",2,100,"Конверт DL","ШТ",4000,0.64,2560,"450045, г. Уфа, ПАО АНК \"Башнефть\" \"Башнефть-Новойл\""]
["Бумажная продукция","ПАО АНК \"Башнефть\" \"Башнефть-Новойл\"",2,101,"Конверт DL","ШТ",4000,0.64,2560,"450045, г. Уфа, ПАО АНК \"Башнефть\" \"Башнефть-Новойл\""]
["Бумажная продукция","ПАО АНК \"Башнефть\" \"Башнефть-Новойл\"",2,102,"Конверт DL","ШТ",4000,0.64,2560,"450045, г. Уфа, ПАО АНК \"Башнефть\" \"Башнефть-Новойл\""]
["Бумажная продукция","ПАО АНК \"Башнефть\" \"Башнефть-Новойл\"",2,103,"Конверт DL","ШТ",4000,0.64,2560,"450045, г. Уфа, ПАО АНК \"Башнефть\" \"Башнефть-Новойл\""]
["Бумажная продукция","ПАО АНК \"Башнефть\" \"Башнефть-Новойл\"",2,104,"Конверт DL","ШТ",4000,0.64,2560,"450045, г. Уфа, ПАО АНК \"Башнефть\" \"Башнефть-Новойл\""]
["Бумажная продукция","ПАО АНК \"Башнефть\" \"Башнефть-Новойл\"",2,105,"Конверт DL","ШТ",4000,0.64,2560,"450045, г. Уфа, ПАО АНК \"Башнефть\" \"Башнефть-Новойл\""]
["Бумажная продукция","ПАО АНК \"Башнефть\" \"Башнефть-Новойл\"",2,106,"Конверт DL","ШТ",4000,0.64,2560,"450045, г. Уфа, ПАО АНК \"Башнефть\" \"Башнефть-Новойл\""]
["Бумажная продукция","ПАО АНК \"Башнефть\" \"Башнефть-Новойл\"",2,107,"Конверт DL","ШТ",4000,0.64,2560,"450045, г. Уфа, ПАО АНК \"Башнефть\" \"Башнефть-Новойл\""]
["Бумажная продукция","ПАО АНК \"Башнефть\" \"Башнефть-Новойл\"",2,108,"Конверт DL","ШТ",4000,0.64,2560,"450045, г. Уфа, ПАО АНК \"Башнефть\" \"Башнефть-Новойл\""]
["Бумажная продукция","ПАО АНК \"Башнефть\" \"Башнефть-Новойл\"",2,109,"Конверт DL","ШТ",4000,0.64,2560,"450045, г. Уфа, ПАО АНК \"Башнефть\" \"Башнефть-Новойл\""]
["Бумажная продукция","ПАО АНК \"Башнефть\" \"Башнефть-Новойл\"",2,110,"Конверт DL","ШТ",4000,0.64,{"$f":"G114*H114","v":2560},"450045, г. Уфа, ПАО АНК \"Башнефть\" \"Башнефть-Новойл\""]
["Бумажная продукция","ПАО АНК \"Башнефть\" \"Башнефть-Новойл\"",2,111,"Конверт DL","ШТ",4000,0.64,2560,"450045, г. Уфа, ПАО АНК \"Башнефть\" \"Башнефть-Новойл\""]
["Бумажная продукция","ПАО АНК \"Башнефть\" \"Башнефть-Новойл\"",2,112,"Конверт DL","ШТ",2000,0.64,1280,"450045, г. Уфа, ПАО АНК \"Башнефть\" \"Башнефть-Новойл\""]
["Бумажная продукция","ПАО АНК \"Башнефть\" \"Башнефть-Новойл\"",2,113,"Конверт ForPost C4 (229x324 мм) белый","ШТ",1750,1.81,3167.5,"450045, г. Уфа, ПАО АНК \"Башнефть\" \"Башнефть-Новойл\""]
["Бумажная продукция","ПАО АНК \"Башнефть\" \"Башнефть-Новойл\"",2,114,"Конверт С5 к/к","ШТ",4000,0.51,2040,"450045, г. Уфа, ПАО АНК \"Башнефть\" \"Башнефть-Новойл\""]
["Бумажная продукция","ПАО АНК \"Башнефть\" \"Башнефть-Новойл\"",2,115,"Конверт С5 к/к","ШТ",4000,0.51,2040,"450045, г. Уфа, ПАО АНК \"Башнефть\" \"Башнефть-Новойл\""]
["Бумажная продукция","ПАО АНК \"Башнефть\" \"Башнефть-Новойл\"",2,116,"Конверт С5 к/к","ШТ",100,0.51,51,"450045, г. Уфа, ПАО АНК \"Башнефть\" \"Башнефть-Новойл\""]
["Бумажная продукция","ПАО АНК \"Башнефть\" \"Башнефть-Новойл\"",2,117,"Конверт С5 к/к","ШТ",4000,0.51,2040,"450045, г. Уфа, ПАО АНК \"Башнефть\" \"Башнефть-Новойл\""]
["Бумажная продукция","ПАО АНК \"Башнефть\" \"Башнефть-Новойл\"",2,118,"Конверт С5 к/к","ШТ",4000,0.51,2040,"450045, г. Уфа, ПАО АНК \"Башнефть\" \"Башнефть-Новойл\""]
["Бумажная продукция","ПАО АНК \"Башнефть\" \"Башнефть-Новойл\"",2,119,"Конверт С5 к/к","ШТ",100,0.51,51,"450045, г. Уфа, ПАО АНК \"Башнефть\" \"Башнефть-Новойл\""]
["Бумажная продукция","ПАО АНК \"Башнефть\" \"Башнефть-Новойл\"",2,120,"Папка-вкладыш Проспект-Хиллен А3","ШТ",950,1.1299999999999999,1073.5,"450045, г. Уфа, ПАО АНК \"Башнефть\" \"Башнефть-Новойл\""]
["Бумажная продукция","ПАО АНК \"Башнефть\" \"Башнефть-Новойл\"",2,121,"Папка-вкладыш Проспект-Хиллен А3","ШТ",5000,1.1299999999999999,5649.9999999999991,"450045, г. Уфа, ПАО АНК \"Башнефть\" \"Башнефть-Новойл\""]
["Бумажная продукция","ПАО АНК \"Башнефть\" \"Башнефть-Новойл\"",2,122,"Папка-вкладыш Проспект-Хиллен А3","ШТ",1000,1.1299999999999999,1130,"450045, г. Уфа, ПАО АНК \"Башнефть\" \"Башнефть-Новойл\""]
["Бумажная продукция","ПАО АНК \"Башнефть\" \"Башнефть-Новойл\"",2,123,"Папка-вкладыш Проспект-Хиллен А3","ШТ",980,1.1299999999999999,1107.3999999999999,"450045, г. Уфа, ПАО АНК \"Башнефть\" \"Башнефть-Новойл\""]
["Бумажная продукция","ПАО АНК \"Башнефть\" \"Башнефть-Новойл\"",2,124,"Пружина д/переплета, 28 мм, упк 50 шт.","УПК",4,198.34,793.36,"450045, г. Уфа, ПАО АНК \"Башнефть\" \"Башнефть-Новойл\""]
["Бумажная продукция","ПАО АНК \"Башнефть\" \"Башнефть-Новойл\"",2,125,"Пружина д/переплета, 28 мм, упк 50 шт.","УПК",4,198.34,793.36,"450045, г. Уфа, ПАО АНК \"Башнефть\" \"Башнефть-Новойл\""]
["Бумажная продукция","ПАО АНК \"Башнефть\" \"Башнефть-Новойл\"",2,126,"Пружина д/переплета, 28 мм, упк 50 шт.","УПК",4,198.34,793.36,"450045, г. Уфа, ПАО АНК \"Башнефть\" \"Башнефть-Новойл\""]
["Бумажная продукция","ПАО АНК \"Башнефть\" \"Башнефть-Новойл\"",2,127,"Пружины для переплета пластик 45мм 50шт","УПК",2,150.63999999999999,301.27999999999997,"450045, г. Уфа, ПАО АНК \"Башнефть\" \"Башнефть-Новойл\""]
["Бумажная продукция","ПАО АНК \"Башнефть\" \"Башнефть-Новойл\"",2,128,"Пружины для переплета пластик 45мм 50шт","УПК",2,150.63999999999999,301.27999999999997,"450045, г. Уфа, ПАО АНК \"Башнефть\" \"Башнефть-Новойл\""]
["Бумажная продукция","ПАО АНК \"Башнефть\" \"Башнефть-Новойл\"",2,129,"Файл (вставка в папку-скоросш) А3","ШТ",100,0.99,99,"450045, г. Уфа, ПАО АНК \"Башнефть\" \"Башнефть-Новойл\""]
["Бумажная продукция","ПАО АНК \"Башнефть\" \"Башнефть-Новойл\"",2,130,"Файл (вставка в папку-скоросш) А3","ШТ",100,0.99,99,"450045, г. Уфа, ПАО АНК \"Башнефть\" \"Башнефть-Новойл\""]
["Бумажная продукция","ПАО АНК \"Башнефть\" \"Башнефть-Новойл\"",2,131,"Файл (вставка в папку-скоросш) А3","ШТ",100,0.99,99,"450045, г. Уфа, ПАО АНК \"Башнефть\" \"Башнефть-Новойл\""]
["Бумажная продукция","ПАО АНК \"Башнефть\" \"Башнефть-Новойл\"",2,132,"Файл (вставка в папку-скоросш) А3","ШТ",100,0.99,99,"450045, г. Уфа, ПАО АНК \"Башнефть\" \"Башнефть-Новойл\""]
["Бумажная продукция","ПАО АНК \"Башнефть\" \"Башнефть-Новойл\"",2,133,"Файл (вставка в папку-скоросш) А3","ШТ",500,0.99,495,"450045, г. Уфа, ПАО АНК \"Башнефть\" \"Башнефть-Новойл\""]
["Бумажная продукция","ПАО АНК \"Башнефть\" \"Башнефть-Новойл\"",2,134,"Файл (вставка в папку-скоросш) А3","ШТ",100,0.99,99,"450045, г. Уфа, ПАО АНК \"Башнефть\" \"Башнефть-Новойл\""]
["Бумажная продукция","ПАО АНК \"Башнефть\" \"Башнефть-Новойл\"",2,135,"Файл (вставка в папку-скоросш) А3","ШТ",100,0.99,99,"450045, г. Уфа, ПАО АНК \"Башнефть\" \"Башнефть-Новойл\""]
["Бумажная продукция","ПАО АНК \"Башнефть\" \"Башнефть-Новойл\"",2,136,"Файл (вставка в папку-скоросш) А3","ШТ",1000,1,1000,"450045, г. Уфа, ПАО АНК \"Башнефть\" \"Башнефть-Новойл\""]
["Бумажная продукция","ПАО АНК \"Башнефть\" \"Башнефть-Новойл\"",2,137,"Файл (вставка в папку-скоросш) А3","ШТ",5000,1,5000,"450045, г. Уфа, ПАО АНК \"Башнефть\" \"Башнефть-Новойл\""]
["ХозяйственныеИзделия","ПАО АНК \"Башнефть\" \"Башнефть-Новойл\"",3,138,"Ручка для топора 400мм","ШТ",5,42,210,"450045, г. Уфа, ПАО АНК \"Башнефть\" \"Башнефть-Новойл\""]
["ХозяйственныеИзделия","ПАО АНК \"Башнефть\" \"Башнефть-Новойл\"",3,139,"Ручка для топора 400мм","ШТ",10,42,420,"450045, г. Уфа, ПАО АНК \"Башнефть\" \"Башнефть-Новойл\""]
["ХозяйственныеИзделия","ПАО АНК \"Башнефть\" \"Башнефть-Новойл\"",3,140,"Ручка для топора 600мм","ШТ",2,42,84,"450045, г. Уфа, ПАО АНК \"Башнефть\" \"Башнефть-Новойл\""]
["ХозяйственныеИзделия","ПАО АНК \"Башнефть\" \"Башнефть-Новойл\"",3,141,"Черенок","ШТ",17,15.12,257.03999999999996,"450045, г. Уфа, ПАО АНК \"Башнефть\" \"Башнефть-Новойл\""]
["ХозяйственныеИзделия","ПАО АНК \"Башнефть\" \"Башнефть-Новойл\"",3,142,"Черенок","ШТ",100,15.12,1512,"450045, г. Уфа, ПАО АНК \"Башнефть\" \"Башнефть-Новойл\""]
["ХозяйственныеИзделия","ПАО АНК \"Башнефть\" \"Башнефть-Новойл\"",3,143,"Черенок","ШТ",39,15.12,589.67999999999995,"450045, г. Уфа, ПАО АНК \"Башнефть\" \"Башнефть-Новойл\""]
["ХозяйственныеИзделия","ПАО АНК \"Башнефть\" \"Башнефть-Новойл\"",3,144,"Черенок","ШТ",50,15.12,756,"450045, г. Уфа, ПАО АНК \"Башнефть\" \"Башнефть-Новойл\""]
["ХозяйственныеИзделия","ПАО АНК \"Башнефть\" \"Башнефть-Новойл\"",3,145,"Черенок для лопат","ШТ",50,15.12,756,"450045, г. Уфа, ПАО АНК \"Башнефть\" \"Башнефть-Новойл\""]
["ХозяйственныеИзделия","ПАО АНК \"Башнефть\" \"Башнефть-Новойл\"",3,146,"Черенок для лопат","ШТ",10,15.12,151.19999999999999,"450045, г. Уфа, ПАО АНК \"Башнефть\" \"Башнефть-Новойл\""]
["ХозяйственныеИзделия","ПАО АНК \"Башнефть\" \"Башнефть-Новойл\"",3,147,"Черенок","ШТ",5,15.12,75.599999999999994,"450045, г. Уфа, ПАО АНК \"Башнефть\" \"Башнефть-Новойл\""]
["ХозяйственныеИзделия","ПАО АНК \"Башнефть\" \"Башнефть-Новойл\"",3,148,"Черенок","ШТ",100,15.12,1512,"450045, г. Уфа, ПАО АНК \"Башнефть\" \"Башнефть-Новойл\""]
["ХозяйственныеИзделия","ПАО АНК \"Башнефть\" \"Башнефть-Новойл\"",3,149,"Черенок","ШТ",100,15.12,1512,"450045, г. Уфа, ПАО АНК \"Башнефть\" \"Башнефть-Новойл\""]
["ХозяйственныеИзделия","ПАО АНК \"Башнефть\" \"Башнефть-Новойл\"",3,150,"Черенок","ШТ",100,15.12,1512,"450045, г. Уфа, ПАО АНК \"Башнефть\" \"Башнефть-Новойл\""]
["ХозяйственныеИзделия","ПАО АНК \"Башнефть\" \"Башнефть-Новойл\"",3,151,"Черенок","ШТ",6,15.12,90.72,"450045, г. Уфа, ПАО АНК \"Башнефть\" \"Башнефть-Новойл\""]
["ХозяйственныеИзделия","ПАО АНК \"Башнефть\" \"Башнефть-Новойл\"",3,152,"Черенок","ШТ",100,15.12,1512,"450045, г. Уфа, ПАО АНК \"Башнефть\" \"Башнефть-Новойл\""]
["ХозяйственныеИзделия","ПАО АНК \"Башнефть\" \"Башнефть-Новойл\"",3,153,"Черенок","ШТ",22,15.12,332.64,"450045, г. Уфа, ПАО АНК \"Башнефть\" \"Башнефть-Новойл\""]
["ХозяйственныеИзделия","ПАО АНК \"Башнефть\" \"Башнефть-Новойл\"",3,154,"Черенок","ШТ",20,15.12,302.39999999999998,"450045, г. Уфа, ПАО АНК \"Башнефть\" \"Башнефть-Новойл\""]
["ХозяйственныеИзделия","ПАО АНК \"Башнефть\" \"Башнефть-Новойл\"",3,155,"Черенок","ШТ",100,15.12,1512,"450045, г. Уфа, ПАО АНК \"Башнефть\" \"Башнефть-Новойл\""]
["ХозяйственныеИзделия","ПАО АНК \"Башнефть\" \"Башнефть-Новойл\"",3,156,"Черенок","ШТ",100,15.12,1512,"450045, г. Уфа, ПАО АНК \"Башнефть\" \"Башнефть-Новойл\""]
["ХозяйственныеИзделия","ПАО АНК \"Башнефть\" \"Башнефть-Новойл\"",3,157,"Черенок","ШТ",100,15.12,1512,"450045, г. Уфа, ПАО АНК \"Башнефть\" \"Башнефть-Новойл\""]
["ХозяйственныеИзделия","ПАО АНК \"Башнефть\" \"Башнефть-Новойл\"",3,158,"Черенок","ШТ",100,15.12,1512,"450045, г. Уфа, ПАО АНК \"Башнефть\" \"Башнефть-Новойл\""]
["ХозяйственныеИзделия","ПАО АНК \"Башнефть\" \"Башнефть-Новойл\"",3,159,"Черенок","ШТ",100,15.12,1512,"450045, г. Уфа, ПАО АНК \"Башнефть\" \"Башнефть-Новойл\""]
["ХозяйственныеИзделия","ПАО АНК \"Башнефть\" \"Башнефть-Новойл\"",3,160,"Черенок","ШТ",100,15.12,1512,"450045, г. Уфа, ПАО АНК \"Башнефть\" \"Башнефть-Новойл\""]
["ХозяйственныеИзделия","ПАО АНК \"Башнефть\" \"Башнефть-Новойл\"",3,161,"Черенок","ШТ",90,15.12,1360.8,"450045, г. Уфа, ПАО АНК \"Башнефть\" \"Башнефть-Новойл\""]
["ХозяйственныеИзделия","ПАО АНК \"Башнефть\" \"Башнефть-Новойл\"",3,162,"Черенок для лопат","ШТ",20,15.12,302.39999999999998,"450045, г. Уфа, ПАО АНК \"Башнефть\" \"Башнефть-Новойл\""]
["ХозяйственныеИзделия","ПАО АНК \"Башнефть\" \"Башнефть-Новойл\"",3,163,"Черенок для лопат","ШТ",10,15.12,151.19999999999999,"450045, г. Уфа, ПАО АНК \"Башнефть\" \"Башнефть-Новойл\""]
["ХозяйственныеИзделия","ПАО АНК \"Башнефть\" \"Башнефть-Новойл\"",3,164,"Черенок для лопат","ШТ",10,15.12,151.19999999999999,"450045, г. Уфа, ПАО АНК \"Башнефть\" \"Башнефть-Новойл\""]
["ХозяйственныеИзделия","ПАО АНК \"Башнефть\" \"Башнефть-Новойл\"",3,165,"Черенок для лопат","ШТ",40,15.12,604.79999999999995,"450045, г. Уфа, ПАО АНК \"Башнефть\" \"Башнефть-Новойл\""]
["ХозяйственныеИзделия","ПАО АНК \"Башнефть\" \"Башнефть-Новойл\"",3,166,"Черенок для лопат","ШТ",2,15.12,30.24,"450045, г. Уфа, ПАО АНК \"Башнефть\" \"Башнефть-Новойл\""]
["ХозяйственныеИзделия","ПАО АНК \"Башнефть\" \"Башнефть-Новойл\"",3,167,"Черенок для лопат","ШТ",10,15.12,151.19999999999999,"450045, г. Уфа, ПАО АНК \"Башнефть\" \"Башнефть-Новойл\""]
["ХозяйственныеИзделия","ПАО АНК \"Башнефть\" \"Башнефть-Новойл\"",3,168,"Черенок для лопат","ШТ",9,15.12,136.07999999999998,"450045, г. Уфа, ПАО АНК \"Башнефть\" \"Башнефть-Новойл\""]
["ХозяйственныеИзделия","ПАО АНК \"Башнефть\" \"Башнефть-Новойл\"",3,169,"Черенок для лопат","ШТ",10,15.12,151.19999999999999,"450045, г. Уфа, ПАО АНК \"Башнефть\" \"Башнефть-Новойл\""]
["ХозяйственныеИзделия","ПАО АНК \"Башнефть\" \"Башнефть-Новойл\"",3,170,"Черенок для лопат","ШТ",10,15.12,151.19999999999999,"450045, г. Уфа, ПАО АНК \"Башнефть\" \"Башнефть-Новойл\""]
["ХозяйственныеИзделия","ПАО АНК \"Башнефть\" \"Башнефть-Новойл\"",3,171,"Черенок для лопат","ШТ",10,15.12,151.19999999999999,"450045, г. Уфа, ПАО АНК \"Башнефть\" \"Башнефть-Новойл\""]
["ХозяйственныеИзделия","ПАО АНК \"Башнефть\" \"Башнефть-Новойл\"",3,172,"Вкладыш для визитницы 10шт","УПК",13,11.43,148.59,"450045, г. Уфа, ПАО АНК \"Башнефть\" \"Башнефть-Новойл\""]
["ХозяйственныеИзделия","ПАО АНК \"Башнефть\" \"Башнефть-Новойл\"",3,173,"Диспенсер Transpak для ПП лент H-83","ШТ",2,3149.16,6298.32,"450045, г. Уфа, ПАО АНК \"Башнефть\" \"Башнефть-Новойл\""]
["ХозяйственныеИзделия","ПАО АНК \"Башнефть\" \"Башнефть-Новойл\"",3,174,"Контейнер полипропиленовый (МКР)","ШТ",200,313.48,62696,"450045, г. Уфа, ПАО АНК \"Башнефть\" \"Башнефть-Новойл\""]
["ХозяйственныеИзделия","ПАО АНК \"Башнефть\" \"Башнефть-Новойл\"",3,175,"Крышка для ведра","ШТ",13,14.86,193.18,"450045, г. Уфа, ПАО АНК \"Башнефть\" \"Башнефть-Новойл\""]
["ХозяйственныеИзделия","ПАО АНК \"Башнефть\" \"Башнефть-Новойл\"",3,176,"Личинка дверного замка","ШТ",20,205.65,4113,"450045, г. Уфа, ПАО АНК \"Башнефть\" \"Башнефть-Новойл\""]
["ХозяйственныеИзделия","ПАО АНК \"Башнефть\" \"Башнефть-Новойл\"",3,177,"Модуль сменный Аквафор B520-13","ШТ",2,2810.41,5620.82,"450045, г. Уфа, ПАО АНК \"Башнефть\" \"Башнефть-Новойл\""]
["ХозяйственныеИзделия","ПАО АНК \"Башнефть\" \"Башнефть-Новойл\"",3,178,"Модуль сменный Аквафор B520-13","ШТ",4,2025.9,8103.6,"450045, г. Уфа, ПАО АНК \"Башнефть\" \"Башнефть-Новойл\""]
["ХозяйственныеИзделия","ПАО АНК \"Башнефть\" \"Башнефть-Новойл\"",3,179,"Ерш для унитаза","ШТ",50,52.08,2604,"450045, г. Уфа, ПАО АНК \"Башнефть\" \"Башнефть-Новойл\""]
["ХозяйственныеИзделия","ПАО АНК \"Башнефть\" \"Башнефть-Новойл\"",3,180,"Обогреватель для шлагбаума Came FMS200","ШТ",1,2953.2,2953.2,"450045, г. Уфа, ПАО АНК \"Башнефть\" \"Башнефть-Новойл\""]
["ХозяйственныеИзделия","ПАО АНК \"Башнефть\" \"Башнефть-Новойл\"",3,181,"Опора ножка Стайл С-002","ШТ",1,215.32,215.32,"450045, г. Уфа, ПАО АНК \"Башнефть\" \"Башнефть-Новойл\""]
["ХозяйственныеИзделия","ПАО АНК \"Башнефть\" \"Башнефть-Новойл\"",3,182,"Паста бензочувствительная Kolor Kut(64г)","ШТ",12,284.77999999999997,3417.3599999999997,"450045, г. Уфа, ПАО АНК \"Башнефть\" \"Башнефть-Новойл\""]
["ХозяйственныеИзделия","ПАО АНК \"Башнефть\" \"Башнефть-Новойл\"",3,183,"Паста бензочувствительная Kolor Kut(64г)","ШТ",19,302.77999999999997,5752.82,"450045, г. Уфа, ПАО АНК \"Башнефть\" \"Башнефть-Новойл\""]
["ХозяйственныеИзделия","ПАО АНК \"Башнефть\" \"Башнефть-Новойл\"",3,184,"Патрубок П-50-250","ШТ",16,154.30000000000001,2468.8000000000002,"450045, г. Уфа, ПАО АНК \"Башнефть\" \"Башнефть-Новойл\""]
["ХозяйственныеИзделия","ПАО АНК \"Башнефть\" \"Башнефть-Новойл\"",3,185,"Пика МО-2","ШТ",3,113.54,340.62,"450045, г. Уфа, ПАО АНК \"Башнефть\" \"Башнефть-Новойл\""]
["ХозяйственныеИзделия","ПАО АНК \"Башнефть\" \"Башнефть-Новойл\"",3,186,"Пломбиратор с плашками D10 мм","ШТ",2,188.58,377.16,"450045, г. Уфа, ПАО АНК \"Башнефть\" \"Башнефть-Новойл\""]
["ХозяйственныеИзделия","ПАО АНК \"Башнефть\" \"Башнефть-Новойл\"",3,187,"Подкладка ДН6-65","КГ",12700,33.31,423037,"450045, г. Уфа, ПАО АНК \"Башнефть\" \"Башнефть-Новойл\""]
["ХозяйственныеИзделия","ПАО АНК \"Башнефть\" \"Башнефть-Новойл\"",3,188,"Подкладка КБ-65","ШТ",37.143000000000001,96.47,3583.1852100000001,"450045, г. Уфа, ПАО АНК \"Башнефть\" \"Башнефть-Новойл\""]
["ХозяйственныеИзделия","ПАО АНК \"Башнефть\" \"Башнефть-Новойл\"",3,189,"Подкладка КБ-65","ШТ",590,95.78,56510.2,"450045, г. Уфа, ПАО АНК \"Башнефть\" \"Башнефть-Новойл\""]
["ХозяйственныеИзделия","ПАО АНК \"Башнефть\" \"Башнефть-Новойл\"",3,190,"Подставка 1.494-25","ШТ",24,1587.13,38091.120000000003,"450045, г. Уфа, ПАО АНК \"Башнефть\" \"Башнефть-Новойл\""]
["ХозяйственныеИзделия","ПАО АНК \"Башнефть\" \"Башнефть-Новойл\"",3,191,"Ручка оконная алюминиевая Hermo","ШТ",3,56.56,169.68,"450045, г. Уфа, ПАО АНК \"Башнефть\" \"Башнефть-Новойл\""]
["ХозяйственныеИзделия","ПАО АНК \"Башнефть\" \"Башнефть-Новойл\"",3,192,"Ручка пластиковая для черенка d36мм","ШТ",3,23.46,70.38,"450045, г. Уфа, ПАО АНК \"Башнефть\" \"Башнефть-Новойл\""]
["ХозяйственныеИзделия","ПАО АНК \"Башнефть\" \"Башнефть-Новойл\"",3,193,"Стекло иллюминаторное 140х20","ШТ",10,3079.01,30790.100000000002,"450045, г. Уфа, ПАО АНК \"Башнефть\" \"Башнефть-Новойл\""]
["ХозяйственныеИзделия","ПАО АНК \"Башнефть\" \"Башнефть-Новойл\"",3,194,"Стекло триплекс смотровое 416х15","ШТ",6,2264.65,13587.900000000001,"450045, г. Уфа, ПАО АНК \"Башнефть\" \"Башнефть-Новойл\""]
["ХозяйственныеИзделия","ПАО АНК \"Башнефть\" \"Башнефть-Новойл\"",3,195,"Трап ПП 100мм","ШТ",1,516.69000000000005,516.69000000000005,"450045, г. Уфа, ПАО АНК \"Башнефть\" \"Башнефть-Новойл\""]
["ХозяйственныеИзделия","ПАО АНК \"Башнефть\" \"Башнефть-Новойл\"",3,196,"Трап чугунный 50мм","ШТ",1,379.51,379.51,"450045, г. Уфа, ПАО АНК \"Башнефть\" \"Башнефть-Новойл\""]
["ХозяйственныеИзделия","ПАО АНК \"Башнефть\" \"Башнефть-Новойл\"",3,197,"Тройник косой чугунный 150х100/90гр","ШТ",2,34.14,68.28,"450045, г. Уфа, ПАО АНК \"Башнефть\" \"Башнефть-Новойл\""]
["ХозяйственныеИзделия","ПАО АНК \"Башнефть\" \"Башнефть-Новойл\"",3,198,"Тройник переходной чугунный 100/50-100","ШТ",16,65.89,1054.24,"450045, г. Уфа, ПАО АНК \"Башнефть\" \"Башнефть-Новойл\""]
["ХозяйственныеИзделия","ПАО АНК \"Башнефть\" \"Башнефть-Новойл\"",3,199,"Тройник ТП 100х100","ШТ",2,101.69,203.38,"450045, г. Уфа, ПАО АНК \"Башнефть\" \"Башнефть-Новойл\""]
["ХозяйственныеИзделия","ПАО АНК \"Башнефть\" \"Башнефть-Новойл\"",3,200,"Ерш для унитаза","ШТ",10,52.08,520.79999999999995,"450045, г. Уфа, ПАО АНК \"Башнефть\" \"Башнефть-Новойл\""]
["ХозяйственныеИзделия","ПАО АНК \"Башнефть\" \"Башнефть-Новойл\"",3,201,"Ерш для унитаза","ШТ",1,52.08,52.08,"450045, г. Уфа, ПАО АНК \"Башнефть\" \"Башнефть-Новойл\""]
["ХозяйственныеИзделия","ПАО АНК \"Башнефть\" \"Башнефть-Новойл\"",3,202,"Ерш для унитаза","ШТ",7,52.08,364.56,"450045, г. Уфа, ПАО АНК \"Башнефть\" \"Башнефть-Новойл\""]
["ХозяйственныеИзделия","ПАО АНК \"Башнефть\" \"Башнефть-Новойл\"",3,203,"Ерш для унитаза","ШТ",44,52.08,2291.52,"450045, г. Уфа, ПАО АНК \"Башнефть\" \"Башнефть-Новойл\""]
["ХозяйственныеИзделия","ПАО АНК \"Башнефть\" \"Башнефть-Новойл\"",3,204,"Швабра для мытья пола пластиковая","ШТ",73,118.33,8638.09,"450045, г. Уфа, ПАО АНК \"Башнефть\" \"Башнефть-Новойл\""]
["ХозяйственныеИзделия","ПАО АНК \"Башнефть\" \"Башнефть-Новойл\"",3,205,"Штатив ШР-160","ШТ",2,918.12,1836.24,"450045, г. Уфа, ПАО АНК \"Башнефть\" \"Башнефть-Новойл\""]
["ХозяйственныеИзделия","ПАО АНК \"Башнефть\" \"Башнефть-Новойл\"",3,206,"Ерш для унитаза","ШТ",19,52.08,989.52,"450045, г. Уфа, ПАО АНК \"Башнефть\" \"Башнефть-Новойл\""]
["ХозяйственныеИзделия","ПАО АНК \"Башнефть\" \"Башнефть-Новойл\"",3,207,"Ерш для унитаза","ШТ",23,52.08,1197.8399999999999,"450045, г. Уфа, ПАО АНК \"Башнефть\" \"Башнефть-Новойл\""]
["ХозяйственныеИзделия","ПАО АНК \"Башнефть\" \"Башнефть-Новойл\"",3,208,"Личинка дверного замка","ШТ",10,205.65,2056.5,"450045, г. Уфа, ПАО АНК \"Башнефть\" \"Башнефть-Новойл\""]
["ХозяйственныеИзделия","ПАО АНК \"Башнефть\" \"Башнефть-Новойл\"",3,209,"Личинка дверного замка","ШТ",10,205.65,2056.5,"450045, г. Уфа, ПАО АНК \"Башнефть\" \"Башнефть-Новойл\""]
["ХозяйственныеИзделия","ПАО АНК \"Башнефть\" \"Башнефть-Новойл\"",3,210,"Личинка дверного замка","ШТ",3,205.65,616.95000000000005,"450045, г. Уфа, ПАО АНК \"Башнефть\" \"Башнефть-Новойл\""]
["ХозяйственныеИзделия","ПАО АНК \"Башнефть\" \"Башнефть-Новойл\"",3,211,"Личинка дверного замка","ШТ",10,205.65,2056.5,"450045, г. Уфа, ПАО АНК \"Башнефть\" \"Башнефть-Новойл\""]
["ХозяйственныеИзделия","ПАО АНК \"Башнефть\" \"Башнефть-Новойл\"",3,212,"Личинка дверного замка","ШТ",20,205.65,4113,"450045, г. Уфа, ПАО АНК \"Башнефть\" \"Башнефть-Новойл\""]
["ХозяйственныеИзделия","ПАО АНК \"Башнефть\" \"Башнефть-Новойл\"",3,213,"Пружина д/переплета, 38 мм, (упк 50 шт)","УПК",2,232.51,465.02,"450045, г. Уфа, ПАО АНК \"Башнефть\" \"Башнефть-Новойл\""]
["ХозяйственныеИзделия","ПАО АНК \"Башнефть\" \"Башнефть-Новойл\"",3,214,"Пика МО-2","ШТ",2,113.54,227.08,"450045, г. Уфа, ПАО АНК \"Башнефть\" \"Башнефть-Новойл\""]
["ХозяйственныеИзделия","ПАО АНК \"Башнефть\" \"Башнефть-Новойл\"",3,215,"Ручка оконная алюминиевая Hermo","ШТ",2,56.56,113.12,"450045, г. Уфа, ПАО АНК \"Башнефть\" \"Башнефть-Новойл\""]
["ХозяйственныеИзделия","ПАО АНК \"Башнефть\" \"Башнефть-Новойл\"",3,216,"Стекло триплекс смотровое 416х15","ШТ",4,2264.65,9058.6,"450045, г. Уфа, ПАО АНК \"Башнефть\" \"Башнефть-Новойл\""]
["ХозяйственныеИзделия","ПАО АНК \"Башнефть\" \"Башнефть-Новойл\"",3,217,"Трубка ПВХ 14мм","КГ",1,140.36000000000001,140.36000000000001,"450045, г. Уфа, ПАО АНК \"Башнефть\" \"Башнефть-Новойл\""]
["ХозяйственныеИзделия","ПАО АНК \"Башнефть\" \"Башнефть-Новойл\"",3,218,"Трубка ПВХ 20мм жесткая","КГ",3.4000000000000002E-2,131.91999999999999,4.4852799999999995,"450045, г. Уфа, ПАО АНК \"Башнефть\" \"Башнефть-Новойл\""]
["ХозяйственныеИзделия","ПАО АНК \"Башнефть\" \"Башнефть-Новойл\"",3,219,"Трубка ПВХ 5мм","КГ",3,7.12,21.36,"450045, г. Уфа, ПАО АНК \"Башнефть\" \"Башнефть-Новойл\""]
["ХозяйственныеИзделия","ПАО АНК \"Башнефть\" \"Башнефть-Новойл\"",3,220,"Трубка ПВХ электротехническая D=10","КГ",1,140.36000000000001,140.36000000000001,"450045, г. Уфа, ПАО АНК \"Башнефть\" \"Башнефть-Новойл\""]
["ХозяйственныеИзделия","ПАО АНК \"Башнефть\" \"Башнефть-Новойл\"",3,221,"Разъем прямой 32х1/0 код 900321/030","ШТ",1,102.44,102.44,"450045, г. Уфа, ПАО АНК \"Башнефть\" \"Башнефть-Новойл\""]
["ХозяйственныеИзделия","ПАО АНК \"Башнефть\" \"Башнефть-Новойл\"",3,222,"Швабра для мытья пола пластиковая","ШТ",58,118.33,6863.14,"450045, г. Уфа, ПАО АНК \"Башнефть\" \"Башнефть-Новойл\""]
["ХозяйственныеИзделия","ПАО АНК \"Башнефть\" \"Башнефть-Новойл\"",3,223,"Швабра для мытья пола пластиковая","ШТ",50,118.33,5916.5,"450045, г. Уфа, ПАО АНК \"Башнефть\" \"Башнефть-Новойл\""]
["ХозяйственныеИзделия","ПАО АНК \"Башнефть\" \"Башнефть-Новойл\"",3,224,"Швабра для мытья пола пластиковая","ШТ",49,118.33,5798.17,"450045, г. Уфа, ПАО АНК \"Башнефть\" \"Башнефть-Новойл\""]
["ХозяйственныеИзделия","ПАО АНК \"Башнефть\" \"Башнефть-Новойл\"",3,225,"Швабра для мытья пола пластиковая","ШТ",30,118.33,3549.9,"450045, г. Уфа, ПАО АНК \"Башнефть\" \"Башнефть-Новойл\""]
["ХозяйственныеИзделия","ПАО АНК \"Башнефть\" \"Башнефть-Новойл\"",3,226,"Швабра для мытья пола пластиковая","ШТ",30,118.33,3549.9,"450045, г. Уфа, ПАО АНК \"Башнефть\" \"Башнефть-Новойл\""]
["ХозяйственныеИзделия","ПАО АНК \"Башнефть\" \"Башнефть-Новойл\"",3,227,"Швабра для мытья пола пластиковая","ШТ",30,118.33,3549.9,"450045, г. Уфа, ПАО АНК \"Башнефть\" \"Башнефть-Новойл\""]
["ХозяйственныеИзделия","ПАО АНК \"Башнефть\" \"Башнефть-Новойл\"",3,228,"Швабра для мытья пола пластиковая","ШТ",21,118.33,2484.9299999999998,"450045, г. Уфа, ПАО АНК \"Башнефть\" \"Башнефть-Новойл\""]
["ХозяйственныеИзделия","ПАО АНК \"Башнефть\" \"Башнефть-Новойл\"",3,229,"Швабра для мытья пола пластиковая","ШТ",3,118.33,354.99,"450045, г. Уфа, ПАО АНК \"Башнефть\" \"Башнефть-Новойл\""]
["ХозяйственныеИзделия","ПАО АНК \"Башнефть\" \"Башнефть-Новойл\"",3,230,"Швабра для мытья пола пластиковая","ШТ",1,118.33,118.33,"450045, г. Уфа, ПАО АНК \"Башнефть\" \"Башнефть-Новойл\""]
["ХозяйственныеИзделия","ПАО АНК \"Башнефть\" \"Башнефть-Новойл\"",3,231,"Носилки медицинские бескаркасные ПЛАЩ","ШТ",7,100.48,703.36,"450045, г. Уфа, ПАО АНК \"Башнефть\" \"Башнефть-Новойл\""]
["ХозяйственныеИзделия","ПАО АНК \"Башнефть\" \"Башнефть-Новойл\"",3,232,"Носилки медицинские бескаркасные ПЛАЩ","ШТ",3,842.65,2527.9499999999998,"450045, г. Уфа, ПАО АНК \"Башнефть\" \"Башнефть-Новойл\""]
["Знаки","ПАО АНК \"Башнефть\" \"Башнефть-Новойл\"",4,233,"Знак F 02 Пожарный кран","ШТ",144,17.440000000000001,2511.36,"450045, г. Уфа, ПАО АНК \"Башнефть\" \"Башнефть-Новойл\""]
["Знаки","ПАО АНК \"Башнефть\" \"Башнефть-Новойл\"",4,234,"Знак F 06 Место разм ср противопож защит","ШТ",131,34.869999999999997,4567.9699999999993,"450045, г. Уфа, ПАО АНК \"Башнефть\" \"Башнефть-Новойл\""]
["Знаки","ПАО АНК \"Башнефть\" \"Башнефть-Новойл\"",4,235,"Знак W05 Радиоактивность 150х150 пл","ШТ",1,9.44,9.44,"450045, г. Уфа, ПАО АНК \"Башнефть\" \"Башнефть-Новойл\""]
["Знаки","ПАО АНК \"Башнефть\" \"Башнефть-Новойл\"",4,236,"Знак W11 Пожарооп.Окислитель 150х300 пл","ШТ",5,55.33,276.64999999999998,"450045, г. Уфа, ПАО АНК \"Башнефть\" \"Башнефть-Новойл\""]
["Знаки","ПАО АНК \"Башнефть\" \"Башнефть-Новойл\"",4,237,"Знак Z02 Плакат надп.по заказ.150х300 пл","ШТ",62,31.09,1927.58,"450045, г. Уфа, ПАО АНК \"Башнефть\" \"Башнефть-Новойл\""]
["Знаки","ПАО АНК \"Башнефть\" \"Башнефть-Новойл\"",4,238,"Знак дорожный 1.11.2 Опасный поворот","ШТ",5,533.82000000000005,2669.1000000000004,"450045, г. Уфа, ПАО АНК \"Башнефть\" \"Башнефть-Новойл\""]
["Знаки","ПАО АНК \"Башнефть\" \"Башнефть-Новойл\"",4,239,"Знак дорожный 2.3.1 Пересеч с вт. дорог","ШТ",7,1045.73,7320.1100000000006,"450045, г. Уфа, ПАО АНК \"Башнефть\" \"Башнефть-Новойл\""]
["Знаки","ПАО АНК \"Башнефть\" \"Башнефть-Новойл\"",4,240,"Знак дорожный 2.7","ШТ",2,1611.46,3222.92,"450045, г. Уфа, ПАО АНК \"Башнефть\" \"Башнефть-Новойл\""]
["Знаки","ПАО АНК \"Башнефть\" \"Башнефть-Новойл\"",4,241,"Знак дорожный 4.8.1","ШТ",20,926.1,18522,"450045, г. Уфа, ПАО АНК \"Башнефть\" \"Башнефть-Новойл\""]
["Знаки","ПАО АНК \"Башнефть\" \"Башнефть-Новойл\"",4,242,"Знак дорожный 4.8.2","ШТ",8,926.1,7408.8,"450045, г. Уфа, ПАО АНК \"Башнефть\" \"Башнефть-Новойл\""]
["Знаки","ПАО АНК \"Башнефть\" \"Башнефть-Новойл\"",4,243,"Знак дорожный 6.8.1 Тупик","ШТ",2,480.9,961.8,"450045, г. Уфа, ПАО АНК \"Башнефть\" \"Башнефть-Новойл\""]
["Знаки","ПАО АНК \"Башнефть\" \"Башнефть-Новойл\"",4,244,"Знак М 03 Работать в защитных наушниках","ШТ",22,20.58,452.76,"450045, г. Уфа, ПАО АНК \"Башнефть\" \"Башнефть-Новойл\""]
["Знаки","ПАО АНК \"Башнефть\" \"Башнефть-Новойл\"",4,245,"Знак ООН 33/1268","ШТ",964,3.69,3557.16,"450045, г. Уфа, ПАО АНК \"Башнефть\" \"Башнефть-Новойл\""]
["Знаки","ПАО АНК \"Башнефть\" \"Башнефть-Новойл\"",4,246,"Знак ООН 33/1863","ШТ",12922,3.23,41738.06,"450045, г. Уфа, ПАО АНК \"Башнефть\" \"Башнефть-Новойл\""]
["Знаки","ПАО АНК \"Башнефть\" \"Башнефть-Новойл\"",4,247,"Знак опасности 906-9","ШТ",6786,2.09,14182.74,"450045, г. Уфа, ПАО АНК \"Башнефть\" \"Башнефть-Новойл\""]
["Бытовая химия","ПАО АНК \"Башнефть\" \"Башнефть-Новойл\"",5,248,"Порошок Арзамит-5","КГ",414,31.5,13041,"450045, г. Уфа, ПАО АНК \"Башнефть\" \"Башнефть-Новойл\""]
["Бытовая химия","ПАО АНК \"Башнефть\" \"Башнефть-Новойл\"",5,249,"Порошок стир Лотос Эконом Универсал 450г","ШТ",400,8.84,3536,"450045, г. Уфа, ПАО АНК \"Башнефть\" \"Башнефть-Новойл\""]
["Бытовая химия","ПАО АНК \"Башнефть\" \"Башнефть-Новойл\"",5,250,"Порошок стир Лотос Эконом Универсал 450г","ШТ",800,8.84,7072,"450045, г. Уфа, ПАО АНК \"Башнефть\" \"Башнефть-Новойл\""]
["Бытовая химия","ПАО АНК \"Башнефть\" \"Башнефть-Новойл\"",5,251,"Порошок стир Лотос Эконом Универсал 450г","ШТ",16,8.84,141.44,"450045, г. Уфа, ПАО АНК \"Башнефть\" \"Башнефть-Новойл\""]
["Бытовая химия","ПАО АНК \"Башнефть\" \"Башнефть-Новойл\"",5,252,"Порошок стир Лотос Эконом Универсал 450г","ШТ",1000,8.99,8990,"450045, г. Уфа, ПАО АНК \"Башнефть\" \"Башнефть-Новойл\""]
["Бытовая химия","ПАО АНК \"Башнефть\" \"Башнефть-Новойл\"",5,253,"Порошок стир Лотос Эконом Универсал 450г","ШТ",230,8.84,2033.2,"450045, г. Уфа, ПАО АНК \"Башнефть\" \"Башнефть-Новойл\""]
["Бытовая химия","ПАО АНК \"Башнефть\" \"Башнефть-Новойл\"",5,254,"Порошок стиральный Дени","КГ",1000,14.43,14430,"450045, г. Уфа, ПАО АНК \"Башнефть\" \"Башнефть-Новойл\""]
["Бытовая химия","ПАО АНК \"Башнефть\" \"Башнефть-Новойл\"",5,255,"Порошок стиральный Дэнди 450г","ШТ",862,11.42,9844.0399999999991,"450045, г. Уфа, ПАО АНК \"Башнефть\" \"Башнефть-Новойл\""]
["Бытовая химия","ПАО АНК \"Башнефть\" \"Башнефть-Новойл\"",5,256,"Порошок стиральный Дэнди 450г","ШТ",50,11.42,571,"450045, г. Уфа, ПАО АНК \"Башнефть\" \"Башнефть-Новойл\""]
["Бытовая химия","ПАО АНК \"Башнефть\" \"Башнефть-Новойл\"",5,257,"Порошок стиральный Дэнди 450г","ШТ",100,11.42,1142,"450045, г. Уфа, ПАО АНК \"Башнефть\" \"Башнефть-Новойл\""]
["Бытовая химия","ПАО АНК \"Башнефть\" \"Башнефть-Новойл\"",5,258,"Порошок стиральный Дэнди 450г","ШТ",800,11.42,9136,"450045, г. Уфа, ПАО АНК \"Башнефть\" \"Башнефть-Новойл\""]
["Бытовая химия","ПАО АНК \"Башнефть\" \"Башнефть-Новойл\"",5,259,"Порошок стиральный Дэнди 450г","ШТ",200,11.42,2284,"450045, г. Уфа, ПАО АНК \"Башнефть\" \"Башнефть-Новойл\""]
["Бытовая химия","ПАО АНК \"Башнефть\" \"Башнефть-Новойл\"",5,260,"Порошок стиральный Дэнди 450г","ШТ",30,11.42,342.6,"450045, г. Уфа, ПАО АНК \"Башнефть\" \"Башнефть-Новойл\""]
["Бытовая химия","ПАО АНК \"Башнефть\" \"Башнефть-Новойл\"",5,261,"Порошок стиральный Дэнди 450г","ШТ",27,11.42,308.33999999999997,"450045, г. Уфа, ПАО АНК \"Башнефть\" \"Башнефть-Новойл\""]
["Бытовая химия","ПАО АНК \"Башнефть\" \"Башнефть-Новойл\"",5,262,"Порошок стиральный Зифа 550г","ШТ",200,10.48,2096,"450045, г. Уфа, ПАО АНК \"Башнефть\" \"Башнефть-Новойл\""]
["Бытовая химия","ПАО АНК \"Башнефть\" \"Башнефть-Новойл\"",5,263,"Порошок стиральный ЛотосМ Универсал 20кг","ШТ",50,269.63,13481.5,"450045, г. Уфа, ПАО АНК \"Башнефть\" \"Башнефть-Новойл\""]
["Бытовая химия","ПАО АНК \"Башнефть\" \"Башнефть-Новойл\"",5,264,"Порошок Арзамит-5","КГ",1586,31.5,49959,"450045, г. Уфа, ПАО АНК \"Башнефть\" \"Башнефть-Новойл\""]
["Бытовая химия","ПАО АНК \"Башнефть\" \"Башнефть-Новойл\"",5,265,"Порошок стир Лотос Эконом Универсал 450г","ШТ",1000,8.84,8840,"450045, г. Уфа, ПАО АНК \"Башнефть\" \"Башнефть-Новойл\""]
["Бытовая химия","ПАО АНК \"Башнефть\" \"Башнефть-Новойл\"",5,266,"Порошок стир Лотос Эконом Универсал 450г","ШТ",68,8.84,601.12,"450045, г. Уфа, ПАО АНК \"Башнефть\" \"Башнефть-Новойл\""]
["Бытовая химия","ПАО АНК \"Башнефть\" \"Башнефть-Новойл\"",5,267,"Порошок стир Лотос Эконом Универсал 450г","ШТ",600,8.84,5304,"450045, г. Уфа, ПАО АНК \"Башнефть\" \"Башнефть-Новойл\""]
["Бытовая химия","ПАО АНК \"Башнефть\" \"Башнефть-Новойл\"",5,268,"Порошок стиральный Дэнди 450г","ШТ",1000,11.42,11420,"450045, г. Уфа, ПАО АНК \"Башнефть\" \"Башнефть-Новойл\""]
["Бытовая химия","ПАО АНК \"Башнефть\" \"Башнефть-Новойл\"",5,269,"Порошок стиральный Дэнди 450г","ШТ",1000,11.42,11420,"450045, г. Уфа, ПАО АНК \"Башнефть\" \"Башнефть-Новойл\""]
["Бытовая химия","ПАО АНК \"Башнефть\" \"Башнефть-Новойл\"",5,270,"Порошок стиральный Дэнди 450г","ШТ",800,11.42,9136,"450045, г. Уфа, ПАО АНК \"Башнефть\" \"Башнефть-Новойл\""]
["Бытовая химия","ПАО АНК \"Башнефть\" \"Башнефть-Новойл\"",5,271,"Порошок стиральный Дэнди 450г","ШТ",800,11.42,9136,"450045, г. Уфа, ПАО АНК \"Башнефть\" \"Башнефть-Новойл\""]
["Бытовая химия","ПАО АНК \"Башнефть\" \"Башнефть-Новойл\"",5,272,"Порошок стиральный Дэнди 450г","ШТ",800,11.42,9136,"450045, г. Уфа, ПАО АНК \"Башнефть\" \"Башнефть-Новойл\""]
["Бытовая химия","ПАО АНК \"Башнефть\" \"Башнефть-Новойл\"",5,273,"Порошок стиральный Дэнди 450г","ШТ",800,11.42,9136,"450045, г. Уфа, ПАО АНК \"Башнефть\" \"Башнефть-Новойл\""]
["Бытовая химия","ПАО АНК \"Башнефть\" \"Башнефть-Новойл\"",5,274,"Порошок стиральный Дэнди 450г","ШТ",800,11.42,9136,"450045, г. Уфа, ПАО АНК \"Башнефть\" \"Башнефть-Новойл\""]
["Бытовая химия","ПАО АНК \"Башнефть\" \"Башнефть-Новойл\"",5,275,"Порошок стиральный Дэнди 450г","ШТ",800,11.42,9136,"450045, г. Уфа, ПАО АНК \"Башнефть\" \"Башнефть-Новойл\""]
["Бытовая химия","ПАО АНК \"Башнефть\" \"Башнефть-Новойл\"",5,276,"Порошок стиральный Дэнди 450г","ШТ",800,11.42,9136,"450045, г. Уфа, ПАО АНК \"Башнефть\" \"Башнефть-Новойл\""]
["Бытовая химия","ПАО АНК \"Башнефть\" \"Башнефть-Новойл\"",5,277,"Порошок стиральный Дэнди 450г","ШТ",100,11.42,1142,"450045, г. Уфа, ПАО АНК \"Башнефть\" \"Башнефть-Новойл\""]
["Бытовая химия","ПАО АНК \"Башнефть\" \"Башнефть-Новойл\"",5,278,"Порошок стиральный Дэнди 450г","ШТ",60,11.42,685.2,"450045, г. Уфа, ПАО АНК \"Башнефть\" \"Башнефть-Новойл\""]
["Бытовая химия","ПАО АНК \"Башнефть\" \"Башнефть-Новойл\"",5,279,"Порошок стиральный Дэнди 450г","ШТ",60,11.42,685.2,"450045, г. Уфа, ПАО АНК \"Башнефть\" \"Башнефть-Новойл\""]
["Бытовая химия","ПАО АНК \"Башнефть\" \"Башнефть-Новойл\"",5,280,"Порошок стиральный Дэнди 450г","ШТ",60,11.42,685.2,"450045, г. Уфа, ПАО АНК \"Башнефть\" \"Башнефть-Новойл\""]
["Бытовая химия","ПАО АНК \"Башнефть\" \"Башнефть-Новойл\"",5,281,"Порошок стиральный Дэнди 450г","ШТ",20,11.42,228.4,"450045, г. Уфа, ПАО АНК \"Башнефть\" \"Башнефть-Новойл\""]
["Бытовая химия","ПАО АНК \"Башнефть\" \"Башнефть-Новойл\"",5,282,"Порошок стиральный Дэнди 450г","ШТ",20,11.42,228.4,"450045, г. Уфа, ПАО АНК \"Башнефть\" \"Башнефть-Новойл\""]
["Бытовая химия","ПАО АНК \"Башнефть\" \"Башнефть-Новойл\"",5,283,"Порошок стиральный Дэнди 450г","ШТ",20,11.42,228.4,"450045, г. Уфа, ПАО АНК \"Башнефть\" \"Башнефть-Новойл\""]
["Бытовая химия","ПАО АНК \"Башнефть\" \"Башнефть-Новойл\"",5,284,"Порошок стиральный Дэнди 450г","ШТ",20,11.42,228.4,"450045, г. Уфа, ПАО АНК \"Башнефть\" \"Башнефть-Новойл\""]
["Бытовая химия","ПАО АНК \"Башнефть\" \"Башнефть-Новойл\"",5,285,"Порошок стиральный Дэнди 450г","ШТ",20,11.42,228.4,"450045, г. Уфа, ПАО АНК \"Башнефть\" \"Башнефть-Новойл\""]
["Бытовая химия","ПАО АНК \"Башнефть\" \"Башнефть-Новойл\"",5,286,"Порошок стиральный Дэнди 450г","ШТ",20,11.42,228.4,"450045, г. Уфа, ПАО АНК \"Башнефть\" \"Башнефть-Новойл\""]
["Бытовая химия","ПАО АНК \"Башнефть\" \"Башнефть-Новойл\"",5,287,"Порошок стиральный Дэнди 450г","ШТ",20,11.42,228.4,"450045, г. Уфа, ПАО АНК \"Башнефть\" \"Башнефть-Новойл\""]
["Бытовая химия","ПАО АНК \"Башнефть\" \"Башнефть-Новойл\"",5,288,"Порошок стиральный Дэнди 450г","ШТ",5,11.42,57.1,"450045, г. Уфа, ПАО АНК \"Башнефть\" \"Башнефть-Новойл\""]
["Бытовая химия","ПАО АНК \"Башнефть\" \"Башнефть-Новойл\"",5,289,"Порошок стиральный Дэнди 450г","ШТ",99,11.42,1130.58,"450045, г. Уфа, ПАО АНК \"Башнефть\" \"Башнефть-Новойл\""]
["Бытовая химия","ПАО АНК \"Башнефть\" \"Башнефть-Новойл\"",5,290,"Порошок стиральный ЛотосМ Универсал 20кг","ШТ",50,269.63,13481.5,"450045, г. Уфа, ПАО АНК \"Башнефть\" \"Башнефть-Новойл\""]
["Бытовая химия","ПАО АНК \"Башнефть\" \"Башнефть-Новойл\"",5,291,"Порошок стиральный ЛотосМ Универсал 20кг","ШТ",43,269.63,11594.09,"450045, г. Уфа, ПАО АНК \"Башнефть\" \"Башнефть-Новойл\""]
["Сантехника","ПАО АНК \"Башнефть\" \"Башнефть-Новойл\"",6,292,"ТЭН Ariston RNSA 1500Вт 65103766","ШТ",1,746.76,746.76,"450045, г. Уфа, ПАО АНК \"Башнефть\" \"Башнефть-Новойл\""]
["Сантехника","ПАО АНК \"Башнефть\" \"Башнефть-Новойл\"",6,293,"ТЭН Ariston RNSA 1500Вт 65103766","ШТ",4,746.76,2987.04,"450045, г. Уфа, ПАО АНК \"Башнефть\" \"Башнефть-Новойл\""]
["Сантехника","ПАО АНК \"Башнефть\" \"Башнефть-Новойл\"",6,294,"ТЭН Ariston RNSA 1500Вт 65103766","ШТ",5,746.76,3733.8,"450045, г. Уфа, ПАО АНК \"Башнефть\" \"Башнефть-Новойл\""]
["Сантехника","ПАО АНК \"Башнефть\" \"Башнефть-Новойл\"",6,295,"Арматура д/сливного бачка АС-17.1М","ШТ",2,143.6,287.2,"450045, г. Уфа, ПАО АНК \"Башнефть\" \"Башнефть-Новойл\""]
["Сантехника","ПАО АНК \"Башнефть\" \"Башнефть-Новойл\"",6,296,"Арматура д/сливного бачка АС-17.1М","ШТ",8,143.6,1148.8,"450045, г. Уфа, ПАО АНК \"Башнефть\" \"Башнефть-Новойл\""]
["Сантехника","ПАО АНК \"Башнефть\" \"Башнефть-Новойл\"",6,297,"Воздухоотводчик ARMSTRONG 22-AV Ду3/4\"","ШТ",1,614.09,614.09,"450045, г. Уфа, ПАО АНК \"Башнефть\" \"Башнефть-Новойл\""]
["Сантехника","ПАО АНК \"Башнефть\" \"Башнефть-Новойл\"",6,298,"Воздухоотводчик VALTEC VT.502.NH.04 1/2\"","ШТ",2,220.16,440.32,"450045, г. Уфа, ПАО АНК \"Башнефть\" \"Башнефть-Новойл\""]
["Сантехника","ПАО АНК \"Башнефть\" \"Башнефть-Новойл\"",6,299,"Дивертор для смесителя","ШТ",4,288.39999999999998,1153.5999999999999,"450045, г. Уфа, ПАО АНК \"Башнефть\" \"Башнефть-Новойл\""]
["Сантехника","ПАО АНК \"Башнефть\" \"Башнефть-Новойл\"",6,300,"Дивертор для смесителя","ШТ",3,288.39999999999998,865.19999999999993,"450045, г. Уфа, ПАО АНК \"Башнефть\" \"Башнефть-Новойл\""]
["Сантехника","ПАО АНК \"Башнефть\" \"Башнефть-Новойл\"",6,301,"Муфта с внутренней резьбой 20х1/2\"","ШТ",50,28.7,1435,"450045, г. Уфа, ПАО АНК \"Башнефть\" \"Башнефть-Новойл\""]
["Сантехника","ПАО АНК \"Башнефть\" \"Башнефть-Новойл\"",6,302,"Муфта с внутренней резьбой 20х1/2\"","ШТ",50,28.7,1435,"450045, г. Уфа, ПАО АНК \"Башнефть\" \"Башнефть-Новойл\""]
["Сантехника","ПАО АНК \"Башнефть\" \"Башнефть-Новойл\"",6,303,"Муфта с внутренней резьбой 20х1/2\"","ШТ",45,28.7,1291.5,"450045, г. Уфа, ПАО АНК \"Башнефть\" \"Башнефть-Новойл\""]
["Сантехника","ПАО АНК \"Башнефть\" \"Башнефть-Новойл\"",6,304,"Тройник сантехнический ПП d=20","ШТ",50,2.84,142,"450045, г. Уфа, ПАО АНК \"Башнефть\" \"Башнефть-Новойл\""]
["Сантехника","ПАО АНК \"Башнефть\" \"Башнефть-Новойл\"",6,305,"Тройник сантехнический ПП d=20","ШТ",10,2.84,28.4,"450045, г. Уфа, ПАО АНК \"Башнефть\" \"Башнефть-Новойл\""]
["Сантехника","ПАО АНК \"Башнефть\" \"Башнефть-Новойл\"",6,306,"Тройник сантехнический ПП d=20","ШТ",10,2.84,28.4,"450045, г. Уфа, ПАО АНК \"Башнефть\" \"Башнефть-Новойл\""]
["Сантехника","ПАО АНК \"Башнефть\" \"Башнефть-Новойл\"",6,307,"Труба металлополимерная PN 20/26","М",15,64.400000000000006,966.00000000000011,"450045, г. Уфа, ПАО АНК \"Башнефть\" \"Башнефть-Новойл\""]
["Сантехника","ПАО АНК \"Башнефть\" \"Башнефть-Новойл\"",6,308,"Труба металлополимерная PN 20/26","М",15,64.400000000000006,966.00000000000011,"450045, г. Уфа, ПАО АНК \"Башнефть\" \"Башнефть-Новойл\""]
["Сантехника","ПАО АНК \"Башнефть\" \"Башнефть-Новойл\"",6,309,"Труба металлополимерная PN 20/26","М",15,64.400000000000006,966.00000000000011,"450045, г. Уфа, ПАО АНК \"Башнефть\" \"Башнефть-Новойл\""]
["Сантехника","ПАО АНК \"Башнефть\" \"Башнефть-Новойл\"",6,310,"Труба метапол Henco 16х2","М",5,30.56,152.79999999999998,"450045, г. Уфа, ПАО АНК \"Башнефть\" \"Башнефть-Новойл\""]
["Сантехника","ПАО АНК \"Башнефть\" \"Башнефть-Новойл\"",6,311,"Муфта с внутренней резьбой 20х1/2\"","ШТ",150,28.7,4305,"450045, г. Уфа, ПАО АНК \"Башнефть\" \"Башнефть-Новойл\""]
["Сантехника","ПАО АНК \"Башнефть\" \"Башнефть-Новойл\"",6,312,"Тройник сантехнический ПП d=20","ШТ",50,2.84,142,"450045, г. Уфа, ПАО АНК \"Башнефть\" \"Башнефть-Новойл\""]
["Сантехника","ПАО АНК \"Башнефть\" \"Башнефть-Новойл\"",6,313,"Труба металлополимерная PN 16/20","М",100,28.54,2854,"450045, г. Уфа, ПАО АНК \"Башнефть\" \"Башнефть-Новойл\""]
["Сантехника","ПАО АНК \"Башнефть\" \"Башнефть-Новойл\"",6,314,"Труба металлополимерная PN 20/26","М",15,64.400000000000006,966.00000000000011,"450045, г. Уфа, ПАО АНК \"Башнефть\" \"Башнефть-Новойл\""]
["Сантехника","ПАО АНК \"Башнефть\" \"Башнефть-Новойл\"",6,315,"Труба металлополимерная PN 32/40","М",100,153.91,15391,"450045, г. Уфа, ПАО АНК \"Башнефть\" \"Башнефть-Новойл\""]
["Сантехника","ПАО АНК \"Башнефть\" \"Башнефть-Новойл\"",6,316,"Труба метапол Henco 16х2","М",15,30.56,458.4,"450045, г. Уфа, ПАО АНК \"Башнефть\" \"Башнефть-Новойл\""]
["Противопожарное оборудоование","ПАО АНК \"Башнефть\" \"Башнефть-Новойл\"",7,317,"Багор пожарный","ШТ",3,220.5,661.5,"450045, г. Уфа, ПАО АНК \"Башнефть\" \"Башнефть-Новойл\""]
["Противопожарное оборудоование","ПАО АНК \"Башнефть\" \"Башнефть-Новойл\"",7,318,"Багор пожарный","ШТ",15,220.5,{"$f":"G322*H322","v":3307.5},"450045, г. Уфа, ПАО АНК \"Башнефть\" \"Башнефть-Новойл\""]
["Противопожарное оборудоование","ПАО АНК \"Башнефть\" \"Башнефть-Новойл\"",7,319,"Багор пожарный","ШТ",6,220.5,1323,"450045, г. Уфа, ПАО АНК \"Башнефть\" \"Башнефть-Новойл\""]
["Противопожарное оборудоование","ПАО АНК \"Башнефть\" \"Башнефть-Новойл\"",7,320,"Генератор пены сред.кратности ГПС-2000","ШТ",2,3444,6888,"450045, г. Уфа, ПАО АНК \"Башнефть\" \"Башнефть-Новойл\""]
["Противопожарное оборудоование","ПАО АНК \"Башнефть\" \"Башнефть-Новойл\"",7,321,"Головка заглушка напорная ГЗ-80","ШТ",8,80.09,640.72,"450045, г. Уфа, ПАО АНК \"Башнефть\" \"Башнефть-Новойл\""]
["Противопожарное оборудоование","ПАО АНК \"Башнефть\" \"Башнефть-Новойл\"",7,322,"Головка заглушка напорная ГЗ-80","ШТ",3,80.09,240.27,"450045, г. Уфа, ПАО АНК \"Башнефть\" \"Башнефть-Новойл\""]
["Противопожарное оборудоование","ПАО АНК \"Башнефть\" \"Башнефть-Новойл\"",7,323,"Головка заглушка напорная ГЗ-80","ШТ",1,80.09,80.09,"450045, г. Уфа, ПАО АНК \"Башнефть\" \"Башнефть-Новойл\""]
["Противопожарное оборудоование","ПАО АНК \"Башнефть\" \"Башнефть-Новойл\"",7,324,"Головка заглушка напорная ГЗ-80","ШТ",3,80.09,240.27,"450045, г. Уфа, ПАО АНК \"Башнефть\" \"Башнефть-Новойл\""]
["Противопожарное оборудоование","ПАО АНК \"Башнефть\" \"Башнефть-Новойл\"",7,325,"Головка заглушка напорная ГЗ-80","ШТ",12,80.09,961.08,"450045, г. Уфа, ПАО АНК \"Башнефть\" \"Башнефть-Новойл\""]
["Противопожарное оборудоование","ПАО АНК \"Башнефть\" \"Башнефть-Новойл\"",7,326,"Головка заглушка напорная ГЗ-80","ШТ",10,80.09,800.90000000000009,"450045, г. Уфа, ПАО АНК \"Башнефть\" \"Башнефть-Новойл\""]
["Противопожарное оборудоование","ПАО АНК \"Башнефть\" \"Башнефть-Новойл\"",7,327,"Головка заглушка напорная ГЗ-80","ШТ",12,80.09,961.08,"450045, г. Уфа, ПАО АНК \"Башнефть\" \"Башнефть-Новойл\""]
["Противопожарное оборудоование","ПАО АНК \"Башнефть\" \"Башнефть-Новойл\"",7,328,"Головка заглушка напорная ГЗ-80","ШТ",10,80.09,800.90000000000009,"450045, г. Уфа, ПАО АНК \"Башнефть\" \"Башнефть-Новойл\""]
["Противопожарное оборудоование","ПАО АНК \"Башнефть\" \"Башнефть-Новойл\"",7,329,"Генератор пены сред.кратности ГПС-2000","ШТ",2,3444,6888,"450045, г. Уфа, ПАО АНК \"Башнефть\" \"Башнефть-Новойл\""]
["Противопожарное оборудоование","ПАО АНК \"Башнефть\" \"Башнефть-Новойл\"",7,330,"Головка заглушка напорная ГЗ-80","ШТ",2,80.09,160.18,"450045, г. Уфа, ПАО АНК \"Башнефть\" \"Башнефть-Новойл\""]
["Противопожарное оборудоование","ПАО АНК \"Башнефть\" \"Башнефть-Новойл\"",7,331,"Головка рукавная напорная ГР-50","ШТ",7,42.46,297.22000000000003,"450045, г. Уфа, ПАО АНК \"Башнефть\" \"Башнефть-Новойл\""]
["Противопожарное оборудоование","ПАО АНК \"Башнефть\" \"Башнефть-Новойл\"",7,332,"Головка рукавная напорная ГР-50","ШТ",1,42.46,42.46,"450045, г. Уфа, ПАО АНК \"Башнефть\" \"Башнефть-Новойл\""]
["Противопожарное оборудоование","ПАО АНК \"Башнефть\" \"Башнефть-Новойл\"",7,333,"Порошок шамотный ПШ-1","Т",0.1,5114.79,511.47900000000004,"450045, г. Уфа, ПАО АНК \"Башнефть\" \"Башнефть-Новойл\""]
["Противопожарное оборудоование","ПАО АНК \"Башнефть\" \"Башнефть-Новойл\"",7,334,"Ящик для песка 0,1 м3 (пожар.инвент.)","ШТ",8,667.8,5342.4,"450045, г. Уфа, ПАО АНК \"Башнефть\" \"Башнефть-Новойл\""]

{"sheet":"Лист1","index":1,"n_rows":0,"n_cols":0,"rows_kept":0,"cut":false,"hidden":false,"merged":[]}